[Event "CAN-ch U12 Girls"]
[Site "Quebec"]
[Date "2018.07.03"]
[Round "4.102"]
[White "Beaulne, Ilianna"]
[Black "Liao, Jodie"]
[Result "0-1"]
[WhiteElo "765"]
[BlackElo "957"]
[PlyCount "60"]
[EventDate "2018.07.02"]
[EventType "swiss"]
[EventRounds "7"]
[EventCountry "CAN"]
[SourceTitle "EXT 2022"]
[Source "ChessBase"]
[SourceDate "2021.10.06"]
[SourceVersion "1"]
[SourceVersionDate "2021.10.06"]
[SourceQuality "1"]

1. e4 e5 2. Bc4 Nf6 3. g4 Bc5 4. d4 Bxd4 5. g5 Nxe4 6. Qf3 Nd6 7. Bb3 b6 8. c4 Bc5 9. h4 Bb7 10. Qg3 Bxh1 11. Qxe5+ Qe7 12. Bf4 Qxe5+ 13. Bxe5 Rg8 14. Na3 Bb7 15. Rd1 Nc6 16. Bf4 0-0-0 17. Ba4 Rge8+ 18. Ne2 Nd4 19. g6 hxg6 20. b4 Bxb4+ 21. Kf1 Nxe2 22. Nb1 Nxf4 23. Nd2 Bf3 24. Nxf3 Bc5 25. Bb3 Re2 26. Ra1 Rxf2+ 27. Kg1 Rxa2+ 28. Kh1 Rxa1+ 29. Kh2 Re8 30. Bc2 Re2+ 0-1

[Event "CAN-ch U10 Girls"]
[Site "Sault Ste Marie"]
[Date "2017.07.07"]
[Round "4"]
[White "Liao, Jodie"]
[Black "Hua, Michelle"]
[Result "0-1"]
[WhiteElo "800"]
[BlackElo "1461"]
[PlyCount "116"]
[EventDate "2017.07.06"]
[EventType "swiss"]
[EventRounds "7"]
[EventCountry "CAN"]
[SourceTitle "EXT 2022"]
[Source "ChessBase"]
[SourceDate "2021.10.06"]
[SourceVersion "1"]
[SourceVersionDate "2021.10.06"]
[SourceQuality "1"]

1. e4 c5 2. Nf3 d6 3. d4 cxd4 4. Nxd4 Nf6 5. Nc3 g6 6. Bg5 Bg7 7. Bc4 0-0 8. 0-0 Nc6 9. Nf3 Bd7 10. Re1 h6 11. Be3 Ng4 12. h3 Nge5 13. Nxe5 Nxe5 14. Bd5 Nc6 15. Qd2 Kh7 16. Bxc6 Bxc6 17. Nd5 Bxd5 18. Qxd5 Bxb2 19. Rab1 Bc3 20. Red1 b6 21. Qc4 Bg7 22. Bf4 Rc8 23. Qb3 Rc3 24. Qb4 Qc7 25. Rdc1 Rxc2 26. Rxc2 Qxc2 27. a4 Qd3 28. Re1 Rc8 29. Re3 Qc4 30. Qxc4 Rxc4 31. Ra3 Rxe4 32. Be3 Rc4 33. a5 Be5 34. axb6 axb6 35. Ra7 Rb4 36. Kf1 Bf6 37. Rb7 Kg7 38. Bxb6 Kh7 39. Ke2 Bd4 40. Rxe7 Rxb6 41. Rxf7+ Kg8 42. Re7 Rb5 43. Kd3 Bxf2 44. Re6 Kf7 45. Rxd6 Rg5 46. g4 Ra5 47. Rd7+ Ke6 48. Rh7 Ra3+ 49. Ke4 Rxh3 50. Kf4 Be3+ 51. Ke4 Bg5 52. Rh8 Rg3 53. Rg8 Rxg4+ 54. Kf3 Rf4+ 55. Ke3 Rf8+ 56. Ke4 Rxg8 57. Kf3 Bc1 58. Ke4 h5 0-1